Commentary on the Constitution of India : (Record no. 83194)

MARC details
000 -LEADER
fixed length control field 00780nam a22002297a 4500
005 - DATE AND TIME OF LATEST TRANSACTION
control field 20140409114742.0
008 - FIXED-LENGTH DATA ELEMENTS--GENERAL INFORMATION
fixed length control field 140327b xxu||||| |||| 00| 0 eng d
010 ## - LCCN (DPL NO)
LC control number ENG-109627
020 ## - INTERNATIONAL STANDARD BOOK NUMBER
International Standard Book Number 9789350354308
Terms of availability 1195.00
035 ## - SYSTEM CONTROL NUMBER
System control number EN-93160
037 ## - SOURCE OF ACQUISITION
Source of stock number/acquisition DBAD/PUB
040 ## - CATALOGING SOURCE
Original cataloging agency DPL
Language of cataloging Eng
082 ## - DEWEY DECIMAL CLASSIFICATION NUMBER
Classification number 342.54
100 ## - MAIN ENTRY--PERSONAL NAME
Personal name Bakshi, P.M.
245 ## - TITLE STATEMENT
Title Commentary on the Constitution of India :
Statement of responsibility, etc by P.M. Bakshi
Remainder of title an exhaustive article wise commentary on the Constitution of India based on plethora of case law /
250 ## - EDITION STATEMENT
Edition statement enl ed
260 ## - PUBLICATION, DISTRIBUTION, ETC. (IMPRINT)
Place of publication, distribution, etc Delhi
Name of publisher, distributor, etc Universal Law Publishing
Date of publication, distribution, etc 2014
270 ## - ADDRESS
Address A-58, G.T. Karnal Road Industrial Area
State or province Delhi
Postal code 110033
300 ## - PHYSICAL DESCRIPTION
Extent cxciv,985p.
Dimensions 24cm(Hb)
500 ## - GENERAL NOTE
General note Includes index
942 ## - ADDED ENTRY ELEMENTS (KOHA)
Item type English Books
Source of classification or shelving scheme Dewey Decimal Classification
Classification part 342.54
Call number suffix BAK
Holdings
Withdrawn status Lost status Source of classification or shelving scheme Damaged status Not for loan Collection code Home library Current library Date acquired Source of acquisition Cost, normal purchase price Total Checkouts Full call number Barcode Date last seen Copy number Cost, replacement price Koha item type
    Dewey Decimal Classification   Not For Loan Non-fiction D.B.Act.Division D.B.Act.Division 27/03/2014 DBAD/PUB 1195.00   342.54 BAK EN-93160 27/03/2014 1 1195.00 English Books

© Delhi Public Library
Hit Counter
free hit counter